000 00350nam a2200133Ia 4500
008 240624s9999 xx 000 0 und d
041 _aeng
082 _a823 DAL
100 _aDALRYMPLE WILLIAM
245 _aNINE LIVES IN SEARCH OF THE SACRED IN MO
260 _c2009
_aLondon
_bBloomsbury
300 _axvi, : 284 : p. : cm. ; 24
365 _cRS
_b20
999 _c14198
_d14198